000 00763nam a2200205Ii 4500
001 19834
003 CO-ViMGA
008 241108s9999||||xx |||||||||||||| ||und||
040 _aCO-ViMGA
_bspa
_erda
_cCO-ViMGA
041 0 _aspa
082 0 4 _a306 C41c
100 1 _aCarlos Enrique Pachón García
_945432
245 1 0 _aLas colonias y la diversidad cultural en Villavicencio :
_baproximación sociocultural
264 1 _aBogotá, Colombia : Alcaldía de Villavicencio : CORCUMVI. Corporación Cultural Municipal de Villavicencio, [Fecha de publicación no identificada]
300 _avolumen
336 _atext
_btxt
_2rdacontent
337 _aunmediated
_bn
_2rdamedia
338 _avolume
_bnc
_2rdacarrier
940 _aidficha_siabuc: 19490. -- ficha_no_siabuc:19834
999 _c39956
_d39956